Primer on IPR in agriculture (Record no. 163283)

MARC details
000 -LEADER
fixed length control field 00405nam a22001577a 4500
003 - CONTROL NUMBER IDENTIFIER
control field OSt
082 ## - DEWEY DECIMAL CLASSIFICATION NUMBER
Item number IR KSCSTE/PR
100 ## - MAIN ENTRY--PERSONAL NAME
Personal name Elsy, C R
245 ## - TITLE STATEMENT
Title Primer on IPR in agriculture
260 ## - PUBLICATION, DISTRIBUTION, ETC. (IMPRINT)
Place of publication, distribution, etc Thiruvananthapuram
Name of publisher, distributor, etc Kerala state council for science, technology and environment
Date of publication, distribution, etc 2006
300 ## - PHYSICAL DESCRIPTION
Extent 36p.
546 ## - LANGUAGE
Language note English
700 ## - ADDED ENTRY--PERSONAL NAME
Personal name Jesy Thomas, K
700 ## - ADDED ENTRY--PERSONAL NAME
Personal name Mohandas, M
942 ## - ADDED ENTRY ELEMENTS (KOHA)
Source of classification or shelving scheme Dewey Decimal Classification
Koha item type Report
Holdings
Lost status Source of classification or shelving scheme Damaged status Not for loan Home library Current library Shelving location Date acquired Total Checkouts Full call number Barcode Date last seen Koha item type
  Dewey Decimal Classification   Not For Loan KAU Central Library, Thrissur KAU Central Library, Thrissur Reports 15/01/2019   IR KSCSTE/PR 810387 15/01/2019 Report
Kerala Agricultural University Central Library
Thrissur-(Dt.), Kerala Pin:- 680656, India
Ph : (+91)(487) 2372219
E-mail: librarian@kau.in
Website: http://library.kau.in/